Nepriateľom vrcholového manažmentu je vždy ekonomický neúspech firmy

Význam informácií a dokonale fungujúceho informačného systému pre začínajúce i dobre fungujúce firmy. Komunikácia a diskusia a informačný zisk z otvoreného rozhovoru. Prístup pracovníkov marketingu k informačným technológiám. Akých chýb sa vyvarovať v systéme marketingových informácií. Očakávania ma...

Ausführliche Beschreibung

Gespeichert in:
Bibliographische Detailangaben
1. Verfasser: Tuma, Miroslav
Format: Buchkapitel
Sprache:Slowakisch
Schlagworte:
Tags: Tag hinzufügen
Keine Tags, Fügen Sie das erste Tag hinzu!

MARC

LEADER 00000naa a2200000 4500
001 r020259
005 20230919112405.8
041 0 |a slo 
044 |a SK 
245 1 0 |a Nepriateľom vrcholového manažmentu je vždy ekonomický neúspech firmy  |c Miroslav Tuma 
520 |a Význam informácií a dokonale fungujúceho informačného systému pre začínajúce i dobre fungujúce firmy. Komunikácia a diskusia a informačný zisk z otvoreného rozhovoru. Prístup pracovníkov marketingu k informačným technológiám. Akých chýb sa vyvarovať v systéme marketingových informácií. Očakávania manažérov od informačných systémov v jednotlivých úsekoch - ekonomický, nákup a predaj, marketing, personálny úsek. Každý manažér ako samostatné informačné centrum, ktoré rýchlo reaguje na potreby a požiadavky zákazníkov. Ovplyvnenie budovania informačných systémov pri reštrukturalizácii firmy. 
610 2 0 |a informácie 
610 2 0 |a systémy informačné 
610 2 0 |a marketing 
610 2 0 |a firmy 
610 2 0 |a útvary podnikové 
610 2 0 |a technológie informačné 
610 2 0 |a manažment 
100 1 |a Tuma, Miroslav